000 00280nam a22001337a 4500
008 170621b xxu||||| |||| 00| 0 eng d
020 _a9780520209183
041 _aeng
080 _a32
100 _a20
101 _ashp
245 _aSMALL WARS
_cHUGHES, N.S
942 _2udc
_cBK
999 _c18479
_d18479